| 000 | 00992nam a2200253 u 4500 | ||
|---|---|---|---|
| 001 | 000046605 | ||
| 005 | 20201002053008.0 | ||
| 008 | 170125s2010 mx r 000 0 eng d | ||
| 020 | _a9786071105073 | ||
| 082 |
_a330.973 _bS855c |
||
| 100 | 1 |
_aStiglitz, Joseph E. _d1943- _974581 |
|
| 240 | 1 | 0 |
_aFreefall. America, free markets and sinking of the world economy _lEspañol |
| 245 | 1 | 0 |
_aCaída libre : _bel libre mercado y el hundimiento de la economía mundial / _cJoseph E. Stiglitz ; traducción de Alejandro Pradera y Núria Petit. |
| 260 |
_aMéxico, D.F. : _bTaurus, _c2010. |
||
| 300 |
_a423 p. ; _c27 cm. |
||
| 490 | 1 | _aPensamiento | |
| 650 | 4 |
_aCrisis financiera _zEstados Unidos _974596 |
|
| 650 | 4 |
_aFinanzas _xPolítica gubernamental _zEstados Unidos _974597 |
|
| 651 | 4 |
_aEstados Unidos _xPolítica Económica _y1993-2009 _974598 |
|
| 700 | 1 | 2 |
_aPradera, Alejandro, _etr. _974575 |
| 700 | 1 | 2 |
_aPetit Fontsere, Nuria, _etr. _974599 |
| 830 | 0 |
_aPensamiento _99245 |
|
| 999 |
_c46094 _d46094 |
||
| 040 | _aDO-SdBNP | ||